Compendio de historia eclesiástica general

محفوظ في:
التفاصيل البيبلوغرافية
المؤلف الرئيسي: Aguilar, Francisco de Asis (مؤلف)
التنسيق: كتاب
اللغة:الإسبانية
منشور في: Madrid Librería Católica de Gregorio del Amo 1888
الطبعة:4a. ed
الموضوعات:
الوسوم: إضافة وسم
لا توجد وسوم, كن أول من يضع وسما على هذه التسجيلة!

MARC

LEADER 00000nam a2200000 a 4500
001 UCL4464
003 CL-VaPUC
008 040116e18880000SP |||||||||||||||||spa|d
082 0 4 |a 270  |b AGU  |2 21 
100 0 |a Aguilar, Francisco de Asis  |e author  |9 481988 
245 1 0 |a Compendio de historia eclesiástica general 
250 |a 4a. ed 
300 |a v 
942 |c BK 
945 |d 20040116 00:00:00  |a vberengu 
260 |a Madrid  |b Librería Católica de Gregorio del Amo  |c 1888 
650 7 |a HISTORIA ECLESIASTICA  |2 CL-VaPUC  |9 481989 
583 |a last modification  |c 20040116 00:00:00  |k Rodrigo Vera 
999 |c 307293  |d 307291 
952 |0 0  |1 0  |4 0  |6 270_000000000000000_AGU_1888  |7 0  |8 P  |9 373091  |a BIBTEO  |b BIBTES  |c TEO_FTES  |d 2019-11-21  |h v.1  |i 2102560  |o 270 AGU 1888  |p 2102560  |r 2024-01-18  |w 2019-11-21  |y BK  |k ICR 
952 |0 0  |1 0  |4 0  |6 270_000000000000000_AGU_1888  |7 0  |8 P  |9 373092  |a BIBTEO  |b BIBTES  |c TEO_FTES  |d 2019-11-21  |h v.2  |i 2102579  |o 270 AGU 1888  |p 2102579  |r 2024-01-18  |w 2019-11-21  |y BK  |k ICR